<?xml version="1.0" encoding="UTF-8"?>
<record
    xmlns:xsi="http://www.w3.org/2001/XMLSchema-instance"
    xsi:schemaLocation="http://www.loc.gov/MARC21/slim http://www.loc.gov/standards/marcxml/schema/MARC21slim.xsd"
    xmlns="http://www.loc.gov/MARC21/slim">

  <leader>00567nam a22001577a 4500</leader>
  <datafield tag="999" ind1=" " ind2=" ">
    <subfield code="c">114024</subfield>
    <subfield code="d">114024</subfield>
  </datafield>
  <controlfield tag="005">20190927094717.0</controlfield>
  <controlfield tag="008">190927b           ||||| |||| 00| 0 eng d</controlfield>
  <datafield tag="040" ind1=" " ind2=" ">
    <subfield code="c">PK-LaUMT</subfield>
  </datafield>
  <datafield tag="082" ind1=" " ind2=" ">
    <subfield code="a">297.63</subfield>
    <subfield code="b">TAF-T</subfield>
  </datafield>
  <datafield tag="100" ind1=" " ind2=" ">
    <subfield code="a">Tafakhur Mahmood Gondal = &#x62A;&#x641;&#x627;&#x62E;&#x631; &#x645;&#x62D;&#x645;&#x648;&#x62F; &#x6AF;&#x648;&#x646;&#x62F;&#x644;</subfield>
  </datafield>
  <datafield tag="245" ind1=" " ind2=" ">
    <subfield code="a">Tajalliyat-e-Resalat Sallallaho Alaihe Wasallam =  &#x62A;&#x62C;&#x644;&#x6CC;&#x627;&#x62A; &#x631;&#x633;&#x627;&#x644;&#x62A; &#x635;&#x644;&#x6CC; &#x627;&#x644;&#x644;&#x6C1; &#x639;&#x644;&#x6CC;&#x6C1; &#x648;&#x633;&#x644;&#x645; /</subfield>
    <subfield code="c">by Tafakhur Mahmood Gondal = &#x62A;&#x641;&#x627;&#x62E;&#x631; &#x645;&#x62D;&#x645;&#x648;&#x62F; &#x6AF;&#x648;&#x646;&#x62F;&#x644;</subfield>
  </datafield>
  <datafield tag="260" ind1=" " ind2=" ">
    <subfield code="a">Lahore :</subfield>
    <subfield code="b">Mavra Books,</subfield>
    <subfield code="c">2017</subfield>
  </datafield>
  <datafield tag="300" ind1=" " ind2=" ">
    <subfield code="a">413 p.</subfield>
  </datafield>
  <datafield tag="546" ind1=" " ind2=" ">
    <subfield code="a">Urdu</subfield>
  </datafield>
  <datafield tag="942" ind1=" " ind2=" ">
    <subfield code="c">BK</subfield>
  </datafield>
  <datafield tag="952" ind1=" " ind2=" ">
    <subfield code="0">0</subfield>
    <subfield code="1">0</subfield>
    <subfield code="4">0</subfield>
    <subfield code="7">0</subfield>
    <subfield code="a">01</subfield>
    <subfield code="b">01</subfield>
    <subfield code="d">2019-09-27</subfield>
    <subfield code="l">1</subfield>
    <subfield code="o">297.63 TAF-T</subfield>
    <subfield code="p">131246</subfield>
    <subfield code="r">2019-11-12 00:00:00</subfield>
    <subfield code="s">2019-10-26</subfield>
    <subfield code="w">2019-09-27</subfield>
    <subfield code="y">BK</subfield>
  </datafield>
</record>
